| 000 | 00418nam a22001217a 4500 | ||
|---|---|---|---|
| 082 |
_aT-201 _bMUR |
||
| 100 |
_aTariq Hussain Murredi Brig _951014 |
||
| 245 |
_aEvolving concept with diversification in disaster recovery rehabilitation and reconstruction process in Pakistan _cTariq Hussain Murredi Brig |
||
| 260 |
_aMCE _bMCE _c2014 |
||
| 526 |
_a0 _b0 _c0 _dT_201_MUR |
||
| 700 |
_aNaseem Baig _950828 |
||
| 942 |
_2ddc _cBK |
||
| 999 |
_c553749 _d553749 |
||